000
00307nam a2200109 4500
999
_c
9937
_d
9937
008
180723b ||||| |||| 00| 0 eng d
245
_a
Record-breaking tourist arrivals in February.
260
_a
Philippines
_b
The Philippine Star
_c
c2016
300
_a
page E-2.
650
0
_9
29344
_a
Tourism.
942
_2
ddc
_c
PER